| 000 | 00516nam a22001697a 4500 | ||
|---|---|---|---|
| 008 | 090423t xxu||||| |||| 00| 0 eng d | ||
| 020 | _a8122417930 | ||
| 082 |
_222 _a624.151 _bVEN |
||
| 100 |
_94106 _aVenkatramaiah, C. |
||
| 245 |
_aGeotechnical Engineering/ _cC. Venkatramaiah |
||
| 250 | _a3rd ed. revised | ||
| 260 |
_aNew Delhi: _bNew Age international, _c2006 |
||
| 300 |
_a926p.: _bill.; _c24 cm. |
||
| 504 | _aIncludes biblographical references and index | ||
| 650 |
_94104 _aSoil dynamics |
||
| 942 |
_2ddc _cBB |
||
| 999 |
_c11393 _d11393 |
||